Corporate Logo Silhouettes Quiz Stats

Quiz Updated May 16, 2018

Challenge
Share
Tweet
Score 0/20 Timer 05:00
0 Plays Today
% Correct
Starbucks
99.2%
Pepsi
98.1%
Taco Bell
95.8%
Target
93.2%
Shell
91.8%
Subway
90.8%
Jaguar
90.4%
DreamWorks
84.3%
BP
83.6%
Red Bull
81.8%
% Correct
Quaker Oats
81.3%
Best Buy
78%
Harley Davidson
73.8%
General Mills
68.6%
Cadillac
67.6%
Sporcle
62.1%
Wikipedia
52.3%
Nestlé
48.8%
Safeway
45.3%
Anheuser-Busch
42.3%

You're not logged in!

Compare scores with friends on all Sporcle quizzes.
Join for Free
OR
Log In

You Might Also Like...

Show Comments

Extras

Top Quizzes Today


Score Distribution

Your Account Isn't Verified!

In order to create a playlist on Sporcle, you need to verify the email address you used during registration. Go to your Sporcle Settings to finish the process.

Report this User

Report this user for behavior that violates our Community Guidelines.

Details: